Rodinné typy

Slovenská sporiteľňa - tradičná značka v tradičnom sektore. Marketingová komunikácia banky. Slovenská sporiteľna - banka pre rodiny. Marketingový rozpočet sporiteľne. Sponzoring. Nosný komunikačný kanál - televízia.

Salvato in:
Dettagli Bibliografici
Autore principale: Vavrová, Tatiana
Natura: Capitolo di libro
Lingua:slovacco
Soggetti:
Tags: Aggiungi Tag
Nessun Tag, puoi essere il primo ad aggiungerne!!

MARC

LEADER 00000naa a2200000 4500
001 0191923
005 20231013091132.9
041 0 |a slo 
044 |a SK 
245 1 0 |a Rodinné typy  |c Tatiana Vavrová 
520 |a Slovenská sporiteľňa - tradičná značka v tradičnom sektore. Marketingová komunikácia banky. Slovenská sporiteľna - banka pre rodiny. Marketingový rozpočet sporiteľne. Sponzoring. Nosný komunikačný kanál - televízia. 
610 2 0 |a sporiteľne 
610 2 0 |a banky 
610 2 0 |a značky 
610 2 0 |a marketing 
610 2 0 |a komunikácia marketingová 
610 2 0 |a sponzorovanie 
100 1 |a Vavrová, Tatiana